Online
Catalog

Poesía brasileña siglo XX / (Record no. 39635)

MARC details
000 -CABECERA
campo de control de longitud fija 00746nam a2200205 a 4500
001 - NÚMERO DE CONTROL
campo de control 000040145
005 - FECHA Y HORA DE LA ÚLTIMA TRANSACCIÓN
campo de control 20201002033938.0
008 - DATOS DE LONGITUD FIJA--INFORMACIÓN GENERAL
campo de control de longitud fija 130808s1986 cu 000 p spa d
040 ## - FUENTE DE LA CATALOGACIÓN
Centro catalogador/agencia de origen DO-SdBNP
Lengua de catalogación spa
Centro/agencia transcriptor BNPHU
082 ## - NÚMERO DE LA CLASIFICACIÓN DECIMAL DEWEY
Número de clasificación B869.1
Número de documento/Ítem P745b
245 00 - MENCIÓN DE TÍTULO
Título Poesía brasileña siglo XX /
Mención de responsabilidad, etc. selección , prólogo y notas Helio Orovio.
260 ## - PUBLICACIÓN, DISTRIBUCIÓN, ETC.
Lugar de publicación, distribución, etc. El Vedado, Ciudad de La Habana, Cuba :
Nombre del editor, distribuidor, etc. Casa de las América,
Fecha de publicación, distribución, etc. 1986.
300 ## - DESCRIPCIÓN FÍSICA
Extensión 320 p. ;
Dimensiones 19 cm.
490 1# - MENCIÓN DE SERIE
Mención de serie La honda casa de las Américas Cuba
650 #4 - PUNTO DE ACCESO ADICIONAL DE MATERIA--TÉRMINO DE MATERIA
Término de materia o nombre geográfico como elemento de entrada Poesía brasileña
Subdivisión cronológica SIGLO XX
9 (RLIN) 4715
650 #4 - PUNTO DE ACCESO ADICIONAL DE MATERIA--TÉRMINO DE MATERIA
Término de materia o nombre geográfico como elemento de entrada Literatura brasileña
Subdivisión cronológica SIGLO XX
9 (RLIN) 4716
700 12 - PUNTO DE ACCESO ADICIONAL--NOMBRE DE PERSONA
Nombre de persona Orovio, Helio,
Término indicativo de función/relación pról.
9 (RLIN) 42787
830 #0 - PUNTO DE ACCESO ADICIONAL DE SERIE-TÍTULO UNIFORME
Título uniforme La honda casa de las Américas Cuba
9 (RLIN) 66417
910 ## - DATOS DE OPCIÓN DEL USUARIO (OCLC)
Datos de opción del usuario Validado. Control de calidad MFF
Holdings
Estado de retiro Estado de pérdida Restricciones de uso No para préstamo Código de colección Localización permanente Ubicación/localización actual Ubicación en estantería Fecha de adquisición Número de inventario Total de préstamos Signatura topográfica completa Código de barras Fecha visto por última vez Precio válido a partir de Tipo de ítem Koha
      Excluido de préstamo Monografías: Libros y Folletos General General Depósito 08.08.2013 LF1   B869.1 P745b 40145-10 25.06.2020 25.06.2020 No se presta

Powered by Koha